Statistics for Miami Dolphins: Pro Bowl Selections

Click here to take the quiz!

General Stats

  • This quiz has been taken 414 times
    (67 since last reset)
  • The average score is 18 of 87

Answer Stats

PositionAmount of SelectionsPlayer% Correct
QB9Dan Marino
95%
QB1Tua Tagovailoa
92%
WR2Tyreek Hill
86%
QB8Bob Griese
78%
RB1Delvin Williams
70%
RB5Larry Csonka
70%
RB1Ricky Williams
70%
DE6Jason Taylor
59%
WR5Mark Clayton
57%
CB4Xavien Howard
51%
LB5Cameron Wake
46%
CB1Jalen Ramsey
46%
RB1Raheem Mostert
43%
RB1Jay Ajayi
41%
LB7Zach Thomas
41%
C5Dwight Stephenson
35%
WR3Jarvis Landry
35%
CB2Rashad Jones
35%
RB2Jim Kiick
32%
TE1Keith Jackson
32%
RB3Mercury Morris
32%
RB1Ronnie Brown
32%
T2Terron Armstead
32%
WR5Paul Warfield
30%
WR1Brandon Marshall
27%
G5Larry Little
27%
DT1Ndamukong Suh
27%
T4Jake Long
24%
CB3Brent Grimes
22%
C3Mike Pouncey
22%
CB3Patrick Surtain
22%
CB3Dick Anderson
19%
P2Reggie Roby
19%
FB1Alec Ingold
16%
LB3Bryan Cox
16%
WR2Irving Fryar
16%
C6Jim Langer
16%
G6Bob Kuechenberg
14%
WR1Chris Chambers
14%
DE1Doug Betters
14%
K2Garo Yepremian
14%
WR1Nat Moore
14%
LB3Nick Buoniconti
14%
T2Norm Evans
14%
K1Olindo Mare
14%
CB4Sam Madison
14%
T1Wayne Moore
14%
DT5Bob Baumhower
11%
CB5Jake Scott
11%
LB1Joey Porter
11%
G1Richie Incognito
11%
T7Richmond Webb
11%
CB1Yeremiah Bell
11%
RB1Andra Franklin
8%
DE1Bill Stanfill
8%
TE2Ferrell Edmunds
8%
DE1Jeff Cross
8%
LB5John Offerdahl
8%
RB1Keith Byars
8%
DT2Tim Bowens
8%
LB1A.J. Duhe
5%
CB3Brock Marion
5%
K1Dan Carpenter
5%
G3Keith Sims
5%
DE1Kim Bokamper
5%
DT1Paul Soliai
5%
G2Roy Foster
5%
DE1Trace Armstrong
5%
DE1Adewale Ogunleye
3%
G1Branden Albert
3%
P1Brandon Fields
3%
WR1Jack Clancy
3%
DE2John Denney
3%
DT2Randy Starks
3%
CB1Tim Foley
3%
C1Tim Ruddy
3%
DT1Brian Sochia
0%
CB1Dick Westmoreland
0%
DE1Ed Cooke
0%
G4Ed Newman
0%
CB1Jimmy Warren
0%
LB1John Bramlett
0%
WR1Karl Noonan
0%
LB1Larry Izzo
0%
LB1Tom Erlandson
0%
C1Tom Goode
0%
CB1Willie West
0%

Score Distribution

Percentile by Number Answered

Percent of People with Each Score

Your Score History

You have not taken this quiz since the last reset